[Event "Novosibirsk"]
[Site "Novosibirsk"]
[Date "1993.??.??"]
[Round "5"]
[White "Vyzmanavin, Alexey"]
[Black "Psakhis, Lev"]
[Result "1-0"]
[WhiteElo "2620"]
[BlackElo "2575"]
[Annotator "Dautov,R"]
[PlyCount "107"]
[EventDate "1993.06.??"]
[EventType "tourn"]
[EventRounds "11"]
[EventCountry "RUS"]
[EventCategory "14"]
[SourceTitle "CBM 036"]
[Source "ChessBase"]
[SourceDate "1993.10.01"]
[SourceVersion "1"]
[SourceVersionDate "1993.10.01"]
[SourceQuality "1"]

1. d4 e6 2. c4 Nf6 3. Nf3 b6 4. g3 Ba6 5. b3 Bb4+ 6. Bd2 Be7 7. Bg2 c6 8. Bc3
d5 9. Ne5 Nfd7 10. Nxd7 Nxd7 11. Nd2 O-O 12. O-O Rc8 (12... f5 13. a4 Rc8 14.
Qc2 Nf6 15. a5 b5 16. c5 Qe8 17. Nf3 Qh5 18. Bb2 b4 19. Rfe1 Ne4 20. Ne5 Ng5
21. e3 Nh3+ 22. Kh1 Bf6 23. f3 g5 24. Rad1 g4 25. f4 $14 {Vyzmanavin-Balashov/
Lvov plof/1990}) 13. Re1 f5 (13... c5 14. cxd5 exd5 $132) (13... Nf6 14. e4 $14
) 14. Rc1 (14. a4 Rc7 15. e3 Qc8 16. a5 Nf6 17. axb6 axb6 18. Ra2 Bb7 19. b4
Ne4 20. Nxe4 fxe4 21. c5 Bd8 $1 22. f3 exf3 23. Bxf3 Ba6 $10 {Janocha-Chekhov/
Wisla BES/1992}) 14... Nf6 15. Bb2 b5 $5 (15... Qe8 $5 16. Nf3 Ne4 17. Ne5 $14
Bb4 18. Rf1 Nd2 $4 19. a3 Nxf1 20. axb4 $18) (15... Ne4 16. Nxe4 fxe4 (16...
dxe4 17. f3 $14) 17. Bh3 Qd7 18. f3 Bg5 19. Rc3 $14) 16. c5 Bb7 17. b4 $14 {()}
a5 18. a3 a4 $6 (18... Ra8 19. f3 (19. Bc3 axb4 20. axb4 Qd7 21. Qc2 Bd8 22.
Nf3 Bc7 $14) 19... axb4 20. axb4 Qe8 21. e4 Qf7 $14) 19. f3 Rc7 20. e4 Bc8 21.
Rc2 g6 (21... fxe4 22. fxe4 dxe4 23. Nxe4 Nxe4 24. Bxe4 Bf6 25. Rd2 $16) 22.
Kh1 (22. exf5 $6 exf5 23. Nf1 g5 24. Bc1 h6 25. h4 Nh5 $132) 22... Rf7 23. e5
Nh5 $2 {פh5} (23... Nd7 $1 24. f4 Nf8 25. g4 (25. Nf3 h6 26. Bh3 g5 27. fxg5
hxg5 28. g4 f4 29. Bf1 Rh7 30. Bd3 Rh6 $132 {/\Ng6,Qf8,Bd7-e8}) 25... h6 (25...
fxg4 26. Qxg4 Kh8 27. Nf3 $14) 26. gxf5 exf5 $132) 24. f4 Ng7 25. Nf3 Qf8 (
25... h6 $5 26. Bh3 g5 27. fxg5 hxg5 28. g4 f4 (28... fxg4 29. Bxg4 Nf5 30. Rg2
$16) 29. Bf1 Qf8 30. Bd3 $16) 26. Bc1 Nh5 27. Bf1 Bd8 28. Bd3 $16 Bd7 29. Rg2
Be8 30. Be3 Rb7 31. Qd2 Ra7 32. Reg1 Ng7 33. h3 (33. g4 $6 fxg4 34. Rxg4 Nf5
35. h4 Rg7 $14) 33... Kh8 34. g4 {פg7} Rab7 35. Nh2 Ra7 36. Qe1 Rab7 37. Rf1
Ra7 38. Nf3 Rab7 39. Be2 Ra7 (39... h6 40. Nh4 Kh7 41. gxf5 gxf5 42. Ng6 Qg8
43. Rfg1 Rfd7 44. Bf2 $16) 40. Bf2 $1 Ra8 (40... fxg4 41. hxg4 Rxf4 42. Be3
Rff7 43. Rgf2 Qg8 44. Ng5 Rxf2 45. Rxf2 $16) 41. Rgg1 Bd7 42. Bh4 fxg4 (42...
Qg8 43. Bxd8 Rxd8 44. Ng5 Rff8 45. Qh4 Rde8 46. Bd3 $16) 43. hxg4 Rxf4 44. Ng5
Kg8 (44... h6 45. Rxf4 Qxf4 46. Rf1 Bxg5 (46... hxg5 47. Rxf4 gxf4 48. Bxd8
Rxd8 49. Qh4+ $18) 47. Rxf4 Bxf4 48. Bf6 Rf8 49. Bd3 Be8 50. Qh4 $16) 45. Qg3
Bxg5 46. Bxg5 Rxf1 47. Rxf1 $18 Qe8 48. Qh4 Bc8 49. Bh6 Ra7 50. Kg2 Qe7 (50...
Rf7 51. Rh1 Qd7 52. Bd3 Ne8 53. Bg5 Rg7 54. Bf6 Rf7 55. Bxg6 $18) 51. Bg5 Qe8
52. Rh1 h5 53. Bf6 Qf7 54. Qg5 (54. Qg5 Kf8 55. gxh5 gxh5 56. Bxh5 Nxh5 57.
Rxh5 Ke8 58. Rh8+ Kd7 59. Rg8 $18) 1-0

[Event "Vidmar Memorial"]
[Site "Portoroz"]
[Date "1993.??.??"]
[Round "?"]
[White "Farago, Ivan"]
[Black "Grosar, Aljosa"]
[Result "1-0"]
[WhiteElo "2510"]
[BlackElo "2480"]
[Annotator "Dautov,R"]
[PlyCount "119"]
[EventDate "1993.06.??"]
[EventType "tourn"]
[EventRounds "11"]
[EventCountry "SLO"]
[EventCategory "12"]
[SourceTitle "CBM 037"]
[Source "ChessBase"]
[SourceDate "1993.12.01"]
[SourceVersion "1"]
[SourceVersionDate "1993.12.01"]
[SourceQuality "1"]

1. d4 Nf6 2. c4 e6 3. Nf3 b6 4. g3 Ba6 5. b3 Bb7 6. Bg2 Bb4+ 7. Bd2 c5 8. O-O
O-O 9. Bc3 Na6 10. Bb2 cxd4 11. a3 Be7 12. b4 d5 $6 {N} (12... Nb8 $1 13. Nbd2
a5 14. b5 Ra7 15. Bxd4 d6 16. Bb2 Qc8 17. Rc1 Rd8 18. Qc2 h6 19. Rfd1 Ba8 20.
h3 Rc7 21. a4 Nbd7 22. Ba3 Bf8 23. Nd4 d5 24. Bxf8 Kxf8 25. Nc6 Bxc6 26. cxd5
exd5 27. Nb3 Bxb5 28. Qxc7 Qxc7 29. Rxc7 Bxa4 $13 {Eingorn-Dizdarevic/Manila
olm/1992}) 13. Nxd4 Rc8 (13... Qd7 {>=} 14. cxd5 (14. Nd2 e5 15. N4f3 e4 $13)
14... Bxd5 (14... Nxd5 15. e4 Nf6 16. Nd2 $14) 15. Bxd5 Nxd5 (15... Qxd5 16.
Nc3 Qb7 17. Qb3 $14) 16. e4 Nf6 17. Qe2 Nc7 18. Nd2 $14 {><c6}) 14. Nd2 Qd7 15.
cxd5 Bxd5 16. e4 Bb7 17. Qb3 $14 Nc7 18. Rfd1 Rfd8 (18... Nb5 $142) 19. Bh3 $1
Qe8 20. f3 Nb5 (20... Kh8 $5 21. Nc4 Nb5 22. Nxb5 Qxb5 23. Ne5 Qe8 24. Nxf7+
Qxf7 25. Bxe6 Qg6 26. Bf5 $1 (26. Bxc8 Rxc8 {/\Ne4}) 26... Qg5 27. Bxc8 Rxc8
28. Rac1 Rxc1 29. Bxc1 Qh5 $14) 21. Nxe6 $1 fxe6 22. Bxe6+ Kh8 23. Bxc8 Bxc8 (
23... Rxc8 24. Rac1 Rxc1 25. Rxc1 $16 {/\a4}) 24. Nf1 Nc7 25. Rxd8 Qxd8 26. Rd1
Qe8 (26... Qf8 27. Qc3 (27. e5 $6 Nfe8 $132 {/\Be6} (27... Be6 $2 28. exf6 Bxb3
29. fxg7+ Qxg7 30. Bxg7+ Kxg7 31. Rd7 Nd5 32. Ne3 $18)) (27. Ne3 $5) 27... Ne6
28. Ne3 Ng5 29. Nf5 Bxf5 30. exf5 Qa8 31. Kg2 $14) 27. Qc3 Ne6 28. Ne3 Ng5 29.
Nd5 $16 Bh3 30. Rd3 Qf8 31. Nxe7 Qxe7 32. Qe5 Qxe5 (32... Ne6 $2 33. f4 (33. g4
$5 $16) 33... Qb7 (33... Ng4 $2 34. Qh5 $18) 34. f5 Nf8 35. Rd8 Kg8 36. Qe6+
Qf7 37. Qxf7+ Kxf7 38. Bxf6 gxf6 39. Ra8 $18) 33. Bxe5 h5 (33... Nd7 34. g4 h6
35. Bf4 Nf8 36. Bxg5 hxg5 37. Rd8 Kg8 38. Ra8 $18) 34. Rd8+ Kh7 35. Bxf6 gxf6
36. Kf2 Be6 37. Ra8 b5 38. Rxa7+ Kg6 39. a4 bxa4 40. b5 $18 Nf7 41. b6 Nd6 42.
b7 Nxb7 43. Rxb7 a3 44. Ra7 a2 45. Ke3 h4 46. Kf4 Kh5 47. Ra5+ Kg6 48. gxh4 Kh6
49. Kg3 Kg6 50. f4 Bb3 51. f5+ Kh5 52. Ra8 Kh6 53. Kf4 Bc4 54. e5 fxe5+ 55.
Kxe5 Kg7 56. Ra7+ Bf7 57. h3 Kf8 58. Kf6 Bd5 59. h5 Kg8 60. Ke7 1-0

[Event "Novosibirsk"]
[Site "Novosibirsk"]
[Date "1993.??.??"]
[Round "10"]
[White "Beliavsky, Alexander G"]
[Black "Psakhis, Lev"]
[Result "1-0"]
[WhiteElo "2610"]
[BlackElo "2575"]
[Annotator "Dautov,R"]
[PlyCount "64"]
[EventDate "1993.06.??"]
[EventType "tourn"]
[EventRounds "11"]
[EventCountry "RUS"]
[EventCategory "14"]
[SourceTitle "CBM 036"]
[Source "ChessBase"]
[SourceDate "1993.10.01"]
[SourceVersion "1"]
[SourceVersionDate "1993.10.01"]
[SourceQuality "1"]

1. d4 Nf6 2. c4 e6 3. Nf3 b6 4. g3 Ba6 5. b3 Bb4+ 6. Bd2 Be7 7. Bg2 Bb7 8. O-O
O-O 9. Nc3 Na6 10. Ne5 d5 11. cxd5 exd5 12. Rc1 h6 (12... Ba3 13. Rb1 Re8 14.
Nd3 Bf8 15. Bg5 c6 16. b4 Nc7 17. a4 $14) 13. Bf4 {N} (13. Qc2 Qc8 14. Qb2 c5
15. Be3 $14) (13. Be3 {->Goldin-Psakhis/Novosibirsk/1993}) 13... Qc8 14. g4 $5
Qe6 (14... Nxg4 $6 15. Nxd5 Bd6 16. Ng6 $1 fxg6 17. Bxd6 Qe6 18. Bxf8 Rxf8 19.
e4 $16) 15. e3 c5 16. dxc5 (16. h4 cxd4 17. exd4 Nd7 (17... Rac8 18. g5 hxg5 (
18... Ne4 19. Nxe4 Rxc1 20. Bxc1 dxe4 21. gxh6 gxh6 22. Qh5 $40) 19. hxg5 Ne4
20. Nxe4 Rxc1 21. Bxc1 dxe4 22. Qh5 Bd6 23. Bh3 $40) (17... Ne4 18. Nxe4 dxe4
19. g5 Qf5 20. Be3 (20. Qg4 Qxg4 21. Nxg4 hxg5 22. hxg5 Rac8 23. Rxc8 Rxc8 24.
Re1 $10) 20... f6 21. gxf6 Bxf6 $15) 18. Nxd7 Qxd7 19. Bg3 Rac8 $13) 16... bxc5
17. Qd3 $2 (17. Qe2 Rfd8 18. Rfd1 Rac8 (18... Bd6 19. Nd3 Nb4 20. Bxd6 Nxd3 21.
Qxd3 Rxd6 22. h3 $14) 19. h3 Nc7 $13) 17... Bd6 18. Qf5 Bxe5 19. Qxe5 (19. Bxe5
Nxg4 20. Qxe6 fxe6 $17) 19... Qxg4 (19... Qxe5 $2 20. Bxe5 Nxg4 21. Bd6 Rfd8
22. Nxd5 Rxd6 23. Ne7+ Kf8 24. Bxb7 Rb8 25. Nf5 $14) 20. Bg3 Rfe8 21. Qf4 Qe6
$1 (21... Qxf4 22. Bxf4 g5 23. Bg3 Ne4 24. Rfd1 $44) 22. Rfd1 Rad8 $17 {/\Ne4}
23. Qh4 $1 Qf5 $5 (23... Qe7 24. Qa4 Ne4 $2 25. Nxd5 $1 $10) (23... Qb6 $6 24.
Na4 Qa5 25. Nxc5 $1 Nxc5 26. b4 Qxa2 27. bxc5 $44) (23... Bc6 $5 $17 {/\Qe7,
Nc7-e6}) 24. Qa4 (24. Nb5 Ne4 25. Bxe4 (25. Nxa7 d4 $36) 25... Qxe4 26. Qxe4
dxe4 27. Nxa7 Nb4 28. Rxd8 Rxd8 29. Rxc5 Rd1+ 30. Kg2 Nd3 31. Rc7 Ne1+ 32. Kh3
Bd5 $40) 24... Qc8 (24... Ne4 $5 25. Nxd5 Bxd5 26. Qxa6 Ng5 $40) 25. Nb5 Ne4
26. Nc3 (26. Nxa7 Qa8 27. Nb5 d4 $1 $40 28. exd4 $2 Nxg3 29. Bxb7 Ne2+ 30. Kf1
Qxb7 $19) 26... Nxg3 $2 (26... Nxc3 27. Rxc3 Bc6 28. Qa5 d4 29. exd4 (29. Bxc6
$2 dxc3 $19) 29... Bxg2 30. Kxg2 Qb7+ $17) 27. hxg3 $44 Re5 28. Qh4 Kh7 $6 (
28... Rd6 $1 29. Ne4 Rc6 (29... Rd7 $2 30. Nxc5 Nxc5 31. Qd4 $16) 30. Nc3 Rd6
31. Ne4 $10) 29. Rd2 (29. Ne4 $5 {/\Nc5} g5 30. Qh5 Kg7 31. Nxc5 Nxc5 32. b4 d4
33. exd4 Bxg2 34. bxc5 Re4 35. Kxg2 Qc6 $1 36. d5 Rxd5 37. Rxd5 Qxd5 38. Qf3 g4
39. Qc3+ f6 40. Kg1 Qc6 $14) 29... Bc6 $2 (29... Rd6 $1 $8) 30. Ne4 $1 $16 Bb5
(30... d4 31. exd4 cxd4 32. Rxc6 Qxc6 33. Ng5+ $18) (30... Ree8 31. Nxc5 Nxc5
32. Rxc5 Qe6 33. Qd4 $16) 31. Nxc5 Nxc5 32. Rdc2 Qb7 $2 (32... Qb8 33. Rxc5 $16
) (32... Qb7 $2 33. Qxd8 $18) 1-0

[Event "Donner Memorial-A"]
[Site "Amsterdam"]
[Date "1994.??.??"]
[Round "3"]
[White "Van der Sterren, Paul"]
[Black "Sokolov, Ivan"]
[Result "1/2-1/2"]
[WhiteElo "2605"]
[BlackElo "2625"]
[Annotator "Dautov,R"]
[PlyCount "158"]
[EventDate "1994.08.??"]
[EventType "tourn"]
[EventRounds "9"]
[EventCountry "NED"]
[EventCategory "15"]
[SourceTitle "CBM 043"]
[Source "ChessBase"]
[SourceDate "1994.12.01"]
[SourceVersion "1"]
[SourceVersionDate "1994.12.01"]
[SourceQuality "1"]

1. d4 Nf6 2. c4 e6 3. Nf3 b6 4. g3 Ba6 5. b3 Bb7 6. Bg2 Bb4+ 7. Bd2 Be7 8. Nc3
O-O 9. O-O Na6 10. e3 d5 (10... c5 11. Qe2 cxd4 12. exd4 d5 13. Ne5 Nb4 14. Bg5
Rc8 15. Rac1 h6 16. Bxf6 Bxf6 17. Rfd1 Re8 $13 {Piket-Hansen/Antwerpen/1993})
11. Qe2 c5 12. Rfd1 Nc7 (12... Qc8 13. Be1 Rd8 14. cxd5 exd5 15. Rac1 h6 $6 (
15... Qe6 $142) 16. Ne5 Qe6 17. f4 cxd4 18. Nb5 $1 Bd6 19. Nc6 Re8 20. Ncxd4
Qd7 21. Bh3 Qd8 22. Nxd6 Qxd6 23. Nf5 $16 {Granda Zuniga-Lobron/Biel izt/1993})
13. Ne5 Bd6 14. Be1 Qe7 15. f4 Rfd8 (15... Ne4 $5 16. Nxe4 dxe4 17. dxc5 Bxe5 (
17... bxc5 18. Ba5 $14) 18. fxe5 Qxc5 19. Bc3 $14) 16. g4 $14 Nfe8 (16... Ne4
17. Nxe4 dxe4 18. g5 $14) 17. g5 f6 18. gxf6 Nxf6 19. Bh4 Qf8 20. Bf3 Nce8 21.
cxd5 (21. Qg2 $5 cxd4 22. exd4 Bb4 23. Rac1 $16) 21... exd5 22. Qg2 $16 {><d5}
cxd4 23. exd4 Bb4 24. Rac1 Nc7 (24... Rac8 $2 25. Nxd5 $1 Nxd5 (25... Rxc1 26.
Nxf6+ Nxf6 27. Rxc1 Bxf3 28. Nxf3 $16) 26. Rxc8 Nxf4 27. Rxd8 Nxg2 28. Bxb7
Nxh4 29. Bd5+ Kh8 30. Nf7+ Kg8 31. Nd6+ $18) (24... Bxc3 25. Rxc3 Rdc8 26. Rdc1
Rxc3 27. Rxc3 Ne4 28. Bg4 Qd6 29. Qh3 $40) 25. Ne2 Nce8 (25... Ne6 $4 26. f5
$18) 26. Ng3 Rac8 27. Qh3 (27. Nf5 $1 Kh8 28. Qh3 Kg8 (28... Rxc1 29. Rxc1 Rc8
$2 30. Rxc8 Bxc8 31. Ng6+ hxg6 32. Bxf6+ Kg8 33. Bxd5+ $18) 29. Kh1 $16 {/\}
Ba3 $2 30. Nh6+ $1 gxh6 31. Qe6+ Kg7 32. Rg1+ Kh8 33. Nf7+ $18) 27... Nd6 28.
Nh5 $2 Nxh5 29. Bxh5 Rxc1 30. Qe6+ Kh8 31. Rxc1 Qxf4 $17 32. Bxd8 Qxc1+ 33. Kg2
Qd2+ 34. Kh1 Qc1+ 35. Kg2 Qb2+ (35... Qc2+ 36. Kg1 Qb1+ 37. Kf2 $1 Ne4+ (37...
Qxa2+ 38. Be2) 38. Kg2 Qxa2+ 39. Kh3 Qxb3+ 40. Bf3 h6 41. Qe8+ $10) 36. Kg3 (
36. Kh1 $2 Qb1+ 37. Kg2 Qxa2+ 38. Kh3 Qxb3+ 39. Bf3 Bc8 $19) 36... Ne4+ 37. Kh3
Qc3+ 38. Kg2 Qc2+ 39. Kh1 (39. Kh3 $2 Bc8) 39... Qb1+ 40. Kg2 Qc2+ 41. Kh1 Qc1+
42. Kg2 Qd2+ 43. Kh3 Qe3+ 44. Bf3 (44. Kg2 Qf2+ 45. Kh3 Qf1+ $19) 44... Qh6+
45. Qxh6 gxh6 {><d4} 46. Bh5 (46. Be2 Nc3) 46... Kg7 47. Kg2 (47. Be8 Ng5+ 48.
Kg4 Ne6 $17) 47... Bc3 48. Nf3 Nf6 49. Bxf6+ Kxf6 {^^} 50. Kf2 Bc8 51. Ke3 Bb2
52. Ne5 Bc1+ 53. Kf2 (53. Kf3 Bf5 $17) 53... Bf4 54. Nc6 a5 {/\Bd7} (54... Bd7
55. Nb4) 55. Bf3 Bxh2 56. Bxd5 Bd6 (56... h5 $142 $17) 57. Be4 Bf5 $2 (57...
Bd7 $1 58. d5 Bf5 59. Bxf5 Kxf5 60. Kf3 h5 61. Na7 Ke5 $19) 58. Bxf5 Kxf5 59.
Kf3 h5 60. Na7 h4 61. Nb5 Ke6 (61... Bb8 62. a3 h3 63. b4 axb4 64. axb4 $10)
62. Kg4 Be7 63. Kf4 Kd5 64. a3 $10 Bxa3 $5 (64... Bf6 65. b4 Bxd4 (65... axb4
66. axb4 Bxd4 67. Kg4 Bf2 68. Na7 $10 {/\b5,Nc8xb6}) 66. bxa5 bxa5 67. a4 h5
68. Kf3 Be5 69. Kg2 Kc4 70. Kh3 Kb4 71. Na7 Kxa4 72. Nc6 $10) 65. Nxa3 Kxd4 66.
Nb5+ (66. Nc4 $2 a4 67. Nxb6 a3 68. Nc4 a2 69. Ne3 Kd3 $19) 66... Kc5 67. Nc7
b5 68. Ne6+ Kd5 (68... Kb4 69. Nd4 $10) 69. Nc7+ Kc6 70. Ne6 b4 71. Ng5 $1 h6
72. Nf3 Kd5 73. Ke3 $1 h3 74. Kd3 h5 (74... Ke6 75. Ke4 Kf6 76. Kf4 $10) 75.
Ke3 Kc5 76. Kd3 (76. Ke4 $2 a4 77. bxa4 b3 78. Kd3 Kb4 79. a5 Ka3 80. a6 b2 81.
Nd2 h2 $19) 76... Kb5 77. Ke3 h4 (77... a4 78. bxa4+ Kxa4 79. Kf2 b3 80. Nd2 b2
81. Kg3 $10) 78. Kf2 Kc5 79. Ne5 Kb5 (79... Kd5 $4 80. Nc4 a4 81. Nb6+ $18)
1/2-1/2

[Event "Bundesliga 0304"]
[Site "Germany"]
[Date "2003.12.14"]
[Round "6.4"]
[White "Dautov, Rustem"]
[Black "Hjartarson, Johann"]
[Result "1/2-1/2"]
[WhiteElo "2610"]
[BlackElo "2640"]
[Annotator "Dautov,R"]
[PlyCount "121"]
[EventDate "2003.11.01"]
[EventType "team-tourn"]
[EventRounds "15"]
[EventCountry "GER"]
[SourceTitle "CBM 099"]
[Source "ChessBase"]
[SourceDate "2004.03.30"]
[SourceVersion "1"]
[SourceVersionDate "2004.03.30"]
[SourceQuality "1"]
[WhiteTeam "Baden Oos"]
[BlackTeam "Bremer SG"]
[WhiteTeamCountry "GER"]
[BlackTeamCountry "GER"]

1. d4 Nf6 2. c4 e6 3. Nf3 b6 4. g3 Ba6 5. b3 Bb7 6. Bg2 Bb4+ 7. Bd2 c5 8. Bxb4
cxb4 9. O-O O-O 10. Qd3 d6 11. Nbd2 Qc7 12. e4 e5 13. Ne1 {Ein Standardmanöver.
Weiß möchte den Nd2 über f1 nach e3 überführen, ohne dabei seine Zentralbauern
ungeschützt zu lassen. Zu diesem Zweck wird zuerst der andere Springer nach c2
gebracht, und der Bauer e4 mit f2-f3 gedeckt.} Nc6 14. Nc2 a5 {Eine gute
Alternative stellt das direkte Schlagen auf d4 dar, in der Partie entscheidet
sich Hjartarson später dafür.} (14... Nxd4 $1 15. Nxd4 exd4 16. Qxd4 Qc5 17.
Qd3 Rfe8 18. Rfe1 Re6 19. Qe3 Rae8 20. f3 g5 21. Qxc5 dxc5 $11 {Chuchelov,
V-Morawietz,D/Cologne 1993}) 15. Rfe1 Rfe8 $146 {Hjartarson bereitet den
Abtausch im Zentrum vor. Weniger überzeugend ist das Gegenspiel mit b6-b5.} (
15... Ba6 {} 16. Nf1 Rab8 17. Nfe3 b5 18. cxb5 Bxb5 19. Qd2 Rfd8 $5 20. Rec1
Qb7 (20... exd4 21. Nxd4 Qb6 22. Ndf5 $16) 21. d5 Ne7 22. a3 $14 {Vyzmanavin,
A-Kiselev,S/Helsinki 1992}) 16. Nf1 Nxd4 $1 17. Nxd4 exd4 18. Qxd4 Qc5 {
Schwarz hat auf Kosten seiner Schwäche d6 einen starken Posten c5 für die Dame
bekommen. Außerdem öffnet er im nächsten Zug die a-Linie und sichert sich
damit das zukünftige Gegenspiel.} 19. Rad1 a4 20. f3 $1 (20. Re3 axb3 21. axb3
Ng4 22. Red3 Ne5 23. R3d2 Ra3 $132) 20... axb3 21. axb3 Red8 $1 {Ein guter
prophylaktischer Zug. Bevor Schwarz seine a-Linie nutzen kann, muß er seine
Hauptschwäche d6 ausreichen schützen.} (21... Ra3 $2 22. Re3 $16 {><d6}) 22.
Re3 $1 $14 {Die Turmverdoppelung auf der d-Linie zwingt den gegnerischen
Springer zur Passivität und sichert damit einen kleinen weißen Vorteil. Nichts
versprach dagegen 22.Ne3.} (22. Ne3 Ra3 23. e5 Ne8 24. Qxc5 bxc5 25. Rd3 g6 26.
Red1 f5 27. exd6 Rd7 $11 {/\Ra6}) 22... Ne8 23. Red3 {/\e5} Rdb8 24. Ne3 {
/\Nf5 Endlich hat Weiß seinen mit dem 13. Zug begonnen Plan vollendet. Der
Springer auf e3 steht in unmittelbarer Reichweite der beiden schwachen Bauern
d6 und b4.} g6 25. Kh1 $2 {Diese "normal" aussehende Zug ist ein ernsthafter
Fehler. Nach langem Nachdenken entschied ich mich schließlich für den
richtigen Plan mit Qb2 und Kh1, verwechselte aber die Zugreihenfolge. Mit 25.
Qb2! hielt Weiß seinen Vorteil fest.} (25. Bh3 Bc6 $11) (25. Qb2 $1 Ra5 $1 {
Die genaueste Art der Turmverdoppelung auf der a-Linie.} (25... Ra3 $6 {
kostet Schwarz ein zusätzliches Tempo:} 26. Kh1 h5 $1 (26... Rba8 $2 27. Ng4
Qg5 28. h4 Qh5 29. Rxd6 $18) 27. Nc2 $1 Ra5 28. Nd4 Rba8 (28... Nc7 $2 29. Qd2
Rba8 30. Nc2 $16) 29. R3d2 $1 (29. Nb5 Ra2 30. Qc1 Qf2 $132) 29... Nc7 (29...
h4 30. gxh4 Nc7 31. h5 $1 Qxh5 32. Nc2 Ra2 33. Qc1 $16) 30. h4 Qe5 31. Kh2 $16)
26. Kh1 h5 27. Nc2 $5 Rba8 28. Nd4 Ra2 29. Qc1 Rf2 30. R3d2 Ra2 31. Rxf2 Rxf2
32. Rd2 Rxd2 33. Qxd2 Nc7 34. h4 $14 {, und nach dem folgenden Nc2 hat Weiß
ein angenehmeres Endspiel.}) 25... Ra2 $1 {Erstaunlicherweise war mir dieser
natürliche Zug vollkommen entgangen, ich rechnete nur mit 25...Ra3 26.Qb2 usw.
Nun ist die gewünschte Aufstellung mit Qb2 nicht mehr möglich, während Schwarz
seine Stellung mit jedem Zug verbessern kann.} 26. Nd5 {Selbstverständlich
gefiel es mir nicht, meinen starken Springer gegen den schlechten schwarzen
Läufer zu tauschen, ich konnte jedoch keine gute Alternative finden. Es ist
schwer zu glauben, aber Schwarz steht bereits besser.} (26. R1d2 Rba8 27. Rxa2
Rxa2 28. h4 Qxd4 29. Rxd4 Rb2 30. Rd3 Kf8 $15 {/\Ke7,Nc7-a6-c5}) (26. Ng4 Qxd4
27. Rxd4 Rb2 28. R4d3 Ra8 $15) 26... Bxd5 27. Qxd5 (27. cxd5 Rba8 28. f4 Rc2
29. e5 Raa2 30. Rg1 Re2 $36) 27... Qf2 {Hjartarson spielt auf Nummer sicher.
Besser war 27...Rab8!} (27... Rba8 $1 28. f4 Qxd5 (28... Qf2 29. e5 $11) 29.
Rxd5 Rb2 30. e5 Raa2 $15) 28. R3d2 Rxd2 29. Qxd2 Qxd2 30. Rxd2 Ra8 31. Bh3 Kf8
$1 {Das entstandene Endspiel ist etwas besser für Schwarz. Seine
Bauernschwächen sind unbedeutend, der aktivere Turm auf der einzigen offenen
Linie wiegt viel mehr.} (31... Ra7 32. Rd5 Ra3 33. Rb5 Rxb3 34. Rxb6 $11) 32.
Bd7 Ra1+ 33. Kg2 Nf6 34. Ba4 (34. Rxd6 $2 Ke7 35. Rxb6 Nxd7 36. Rxb4 Ra2+ 37.
Kh3 Ne5 $17) 34... Ke7 35. Kf2 $6 $138 {Das passive Abwarten erlaubt Schwarz,
den schwachen Bauern h2 zu fixieren. Vorzuziehen war die aktive Verteidigung
35.Re2!} (35. Re2 $1 {/\e5} Ke6 36. f4 Nd7 37. Bxd7+ Kxd7 38. Rd2 Kc6 39. Kf3
$11) 35... g5 $138 36. Re2 Ke6 37. Ke3 (37. f4 $2 gxf4 38. gxf4 Nh5 39. Ke3 Rf1
$17) 37... Rc1 38. Kd4 h6 39. Bc6 $2 {Ein weiterer Zeitnotfehler, richtig war
39.Rd2.} (39. Rd2 $15) 39... Rd1+ 40. Ke3 Rb1 41. Kd4 (41. Ba4 Nd7 $17) 41...
Nd7 $1 {In dem entstehenden Turmendspiel gewinnt Hjartarson einen Bauern.} (
41... Rxb3 $2 42. e5 dxe5+ 43. Rxe5+ Kd6 44. Rf5 $11) 42. Bxd7+ Kxd7 43. Re3
Rb2 $17 44. h4 gxh4 45. gxh4 Rh2 46. e5 {Es ist schwer zu sagen, ob 46.Rd3
besser war. Ich entschloß mich für die Reduzierung des Materials.} (46. Rd3
Rxh4 47. Ke3 Rh5 48. Rd2 b5 49. cxb5 Rxb5 50. Kf4 h5 $17) 46... Rxh4+ 47. Kd3
Rh2 (47... Rf4 48. exd6 Kxd6 49. Ke2 $17) 48. exd6 Kxd6 49. f4 $1 h5 50. Re5
Rb2 $2 {Der Bauerntausch kommt Weiß sehr entgegen. Deutlich gefährlicher war
50...h4! Ich konnte keinen Gewinn für Schwarz finden, aber die weiße
Verteidigung wäre in jedem Fall äußerst schwierig gewesen.} (50... h4 $1 51.
Rh5 h3 52. Rh6+ Ke7 53. Ke4 Re2+ 54. Kd4 $1 (54. Kd5 $2 Re3 55. Rxb6 Rxb3 56.
c5 Rb1 57. Rh6 Rh1 $19) 54... h2 55. Kd5 Rd2+ (55... Kf8 56. f5 Kg7 57. Rh5 Kf6
58. Kc6 Ke5 59. Kxb6 Kf4 60. c5 $11) 56. Ke5 Kf8 57. f5 Kg7 58. Rh3 Re2+ 59.
Kf4 Rb2 60. Ke5 Rxb3 61. Rxh2 Re3+ 62. Kd4 Rg3 63. Ke5 $1 b3 64. Kd4 $1 (64.
Rd2 $2 Rc3 65. Rg2+ Kf8 66. Kd4 Rf3 67. Ke4 Rh3 68. Ke5 Ke7 $17) 64... Rg4+ (
64... Kf6 65. Rh6+ Kxf5 66. Rxb6 $11) (64... Rf3 65. Ke5 Rc3 66. Rg2+ Kf8 67.
Kd4 Rc2 68. Rg3 b2 69. Rb3 $11) 65. Kc3 Rf4 66. Kxb3 Rxf5 67. Kc3 $17 {, und
Weiß dürfte diese Stellung halten können.}) 51. Rxh5 Rxb3+ 52. Kd4 Rb1 53. Rh6+
{Einfacher führte 53.Rb5! zum Remis.} (53. Rb5 $1 Kc6 54. Ke5 b3 55. f5 $11)
53... Kc7 54. c5 $1 (54. Kd3 $2 Rc1 $17) 54... Rd1+ (54... bxc5+ 55. Kxc5 Kd7
56. Rb6 Ke7 57. Kd5 b3 58. Ke5 b2 59. Kf5 $11) 55. Kc4 bxc5 56. Kxc5 b3 57.
Rc6+ Kd7 58. Rb6 Rd3 59. Kc4 Rf3 60. Kd5 Rxf4 61. Rxb3 1/2-1/2